000 00890nam a2200265 c 4500
001 a5217578
003 CO-ViMGA
005 20230915223801.0
008 120607s2011 sp a | |||| 000 1 spa
020 _a9788498857122
040 _aCO-ViMGA
_bspa
_cCO-ViMGA
041 1 _heng
082 0 4 _a741.5
_bA17a
100 1 _aAaron, Jason
_d1973-
_98969
245 1 0 _aAstonishing /
_cJason Aaron [guión] ; Adam Kubert [dibujo] ; [traducción, Santiago García]
260 _aTorroella de Montgr,̕ Girona
_bPanini España ;
_aBarcelona
_bdistribución, SD Distribuciones
_cD.L. 2011.
300 _a[168] p.
_bprincipalmente il. col.
_c28 cm.
490 0 _aMarvel graphic novels
490 0 _aSpiderman & Lobezno
500 _aEn la cubierta: Marvel
650 1 4 _aComics
_9284
650 1 4 _aTiras comicas, historietas, etc.
_92479
700 1 _aKubert, Adam
_d1959-
_98907
942 _2ddc
_cBK
999 _c10381
_d10381